[Event "2000-2400 Leisure RR"]
[Site "SchemingMind.com"]
[Date "2012.11.16"]
[Round "-"]
[White "Ilang"]
[Black "jdcald13"]
[Result "1-0"]
[WhiteCountry "HUN"]
[BlackCountry "USA"]
[WhiteElo "2362"]
[WhiteRD "68"]
[BlackElo "1794"]
[BlackRD "59"]
[GameID "321442"]

1. d4 Nf6 2. c4 g6 3. Nc3 d5 4. cxd5 Nxd5 5. e4 Nxc3 6. bxc3 Bg7 7. Nf3 c5 8. Rb1 O-O 9. Be2 Nd7 10. O-O Qa5
11. Qb3 Nf6 12. Bd3 b6 13. e5 Be6 14. c4 Nd7 15. Bd2 Qa6 16. Ng5 Bf5 17. Bxf5 gxf5 18. Qh3
1-0

[Event "2000-2400 Leisure RR"]
[Site "SchemingMind.com"]
[Date "2012.11.18"]
[Round "-"]
[White "jdcald13"]
[Black "Ilang"]
[Result "0-1"]
[WhiteCountry "USA"]
[BlackCountry "HUN"]
[WhiteElo "1794"]
[WhiteRD "59"]
[BlackElo "2362"]
[BlackRD "68"]
[GameID "321443"]

1. c4 e5 2. g3 Nf6 3. Bg2 d5 4. cxd5 Nxd5 5. Nc3 Nxc3 6. bxc3 Bf5 7. Bxb7 Nd7 8. Bxa8 Qxa8 9. Nf3 e4 10. Nd4 Bh3
11. Qa4 Bd6 12. Qc6 O-O 13. Qxa8 Rxa8 14. Rb1 a6 15. Nc2 Bc5 16. Ba3 Bb6 17. Ne3 Be6 18. Rb2 h6 19. O-O Rd8
0-1

[Event "2000-2400 Leisure RR"]
[Site "SchemingMind.com"]
[Date "2012.11.16"]
[Round "-"]
[White "kibic"]
[Black "Ilang"]
[Result "1/2-1/2"]
[WhiteCountry "INT"]
[BlackCountry "HUN"]
[WhiteElo "2296"]
[WhiteRD "65"]
[BlackElo "2369"]
[BlackRD "75"]
[GameID "321552"]

1. d4 d5 2. c4 c6 3. Nf3 e6 4. g3 dxc4 5. Bg2 b5 6. O-O Nf6 7. a4 Bb7 8. Ne5 a6 9. Nc3 Nd5 10. e4 Nxc3
11. bxc3 Nd7 12. Bf4 Be7 13. Qg4 g6 14. Nxd7 h5 15. Nf6+ Bxf6 16. Qf3 Be7 17. Rfd1 Bg5 18. Be5 f6 19. Bf4 Bxf4 20. Qxf4 Kf7
21. e5 g5 22. Qd2 f5 23. axb5 axb5 24. Rxa8 Bxa8 25. Ra1 Kg6 26. Ra7 Rh7=
1/2-1/2

[Event "2000-2400 Leisure RR"]
[Site "SchemingMind.com"]
[Date "2012.11.17"]
[Round "-"]
[White "kibic"]
[Black "jdcald13"]
[Result "1-0"]
[WhiteCountry "INT"]
[BlackCountry "USA"]
[WhiteElo "2343"]
[WhiteRD "63"]
[BlackElo "1794"]
[BlackRD "59"]
[GameID "321553"]

1. d4 Nf6 2. c4 g6 3. Nf3 Bg7 4. Nc3 d5 5. Bg5 dxc4 6. e4 c5 7. d5 Qa5 8. Bd2 b5 9. e5 Ng4 10. d6 b4
11. Nd5 exd6 12. exd6 O-O 13. Bxc4 Ba6 14. Qe2 Bxc4 15. Ne7+ Kh8 16. Qxc4 Nh6 17. O-O
1-0

[Event "2000-2400 Leisure RR"]
[Site "SchemingMind.com"]
[Date "2012.11.16"]
[Round "-"]
[White "Ilang"]
[Black "kibic"]
[Result "1/2-1/2"]
[WhiteCountry "HUN"]
[BlackCountry "INT"]
[WhiteElo "2369"]
[WhiteRD "75"]
[BlackElo "2296"]
[BlackRD "65"]
[GameID "321554"]

1. d4 Nf6 2. c4 Nc6 3. Nf3 e6 4. Nc3 d5 5. a3 Ne7 6. e3 g6 7. Bd3 Bg7 8. O-O O-O 9. Qc2 b6 10. b4 Ba6
11. cxd5 Bxd3 12. Qxd3 exd5 13. Bb2 c6 14. Rac1 b5 15. a4 a6 16. Qc2 Nf5 17. Ne5 Rc8 18. Ra1 Nd7 19. Nxd7 Qxd7 20. Ne2 Nd6
21. Nc1 Ra8 22. Nd3 Qf5 23. Qe2 Nc4 24. Ra2 Rfe8 25. Bc3 Nb6=
1/2-1/2

[Event "2000-2400 Leisure RR"]
[Site "SchemingMind.com"]
[Date "2012.11.18"]
[Round "-"]
[White "jdcald13"]
[Black "kibic"]
[Result "0-1"]
[WhiteCountry "USA"]
[BlackCountry "INT"]
[WhiteElo "1794"]
[WhiteRD "59"]
[BlackElo "2343"]
[BlackRD "63"]
[GameID "321555"]

1. c4 Nf6 2. Nf3 e6 3. g3 d5 4. Bg2 dxc4 5. Qa4+ c6 6. Qxc4 Bd6 7. d4 Nbd7 8. O-O O-O 9. Nc3 Qe7 10. e4 e5
11. h3 exd4 12. Nxd4 Nb6 13. Qe2 Re8 14. Be3 Bd7 15. Rad1 Bb4 16. Bg5 h6
0-1

[Event "2000-2400 Leisure RR"]
[Site "SchemingMind.com"]
[Date "2012.11.28"]
[Round "-"]
[White "Adrian Grajczak"]
[Black "Ilang"]
[Result "1/2-1/2"]
[WhiteCountry "POL"]
[BlackCountry "HUN"]
[WhiteElo "2088"]
[WhiteRD "69"]
[BlackElo "2371"]
[BlackRD "72"]
[GameID "322140"]

1. Nf3 d5 2. c4 c6 3. d4 Nf6 4. Nc3 e6 5. Bg5 h6 6. Bxf6 Qxf6 7. e3 Nd7 8. Bd3 dxc4 9. Bxc4 g6 10. O-O Bg7
11. Rc1 O-O 12. b4 Qe7 13. Qb3 b6 14. b5 Bb7 15. bxc6 Bxc6 16. Nd2 Rfd8 17. Bb5 Bb7 18. Nce4 Nf6 19. Bc6 Nxe4 20. Nxe4 Bxc6
21. Rxc6 Qb7 22. Rfc1 Rac8 23. Rxc8 Rxc8 24. Rxc8+ Qxc8 25. g3=
1/2-1/2

[Event "2000-2400 Leisure RR"]
[Site "SchemingMind.com"]
[Date "2012.11.28"]
[Round "-"]
[White "Adrian Grajczak"]
[Black "kibic"]
[Result "0-1"]
[WhiteCountry "POL"]
[BlackCountry "INT"]
[WhiteElo "2088"]
[WhiteRD "69"]
[BlackElo "2336"]
[BlackRD "62"]
[GameID "322142"]

1. Nf3 d5 2. c4 dxc4 3. Na3 Nc6 4. Nxc4 Nf6 5. d4 Bg4 6. Nce5 Bxf3 7. Nxf3 e5 8. e3 exd4 9. exd4 Bb4+ 10. Bd2 Qe7+
11. Be2 O-O-O 12. O-O Nxd4 13. Nxd4 Rxd4 14. Bxb4 Qxb4 15. Qc2 Rd2 16. Qf5+ Kb8 17. Bf3 Rxb2 18. Rab1 Rxb1 19. Rxb1 Re8 20. g3 Re1+
21. Rxe1 Qxe1+ 22. Kg2 Qe7 23. Qb5 c5 24. a4 a6 25. Qb3= g6 26. h3 Ne4 27. Qd5 Ng5 28. a5 Nxf3 29. Kxf3 b5
0-1

[Event "2000-2400 Leisure RR"]
[Site "SchemingMind.com"]
[Date "2012.11.28"]
[Round "-"]
[White "Ilang"]
[Black "Adrian Grajczak"]
[Result "1-0"]
[WhiteCountry "HUN"]
[BlackCountry "POL"]
[WhiteElo "2370"]
[WhiteRD "75"]
[BlackElo "2087"]
[BlackRD "72"]
[GameID "322143"]

1. d4 Nf6 2. c4 g6 3. Nc3 Bg7 4. e4 d6 5. Nf3 O-O 6. Be2 e5 7. O-O Nc6 8. d5 Ne7 9. b4 a5 10. Ba3 axb4
11. Bxb4 Nd7 12. a4 Bh6 13. a5 f5 14. Bd3 Kh8 15. Re1 Nf6 16. c5 fxe4 17. cxd6 cxd6 18. Nxe4 Nxe4 19. Bxe4 Bf5 20. Bd2 Bxe4
21. Rxe4 Nf5 22. Rc4 Bxd2 23. Qxd2 Qd7 24. h3 Rfc8 25. Rxc8+ Rxc8 26. Rb1 Rc5 27. Qb4 Rxd5 28. a6 bxa6 29. Qb8+ Kg7 30. Rb7 Rd1+
31. Kh2 Qxb7 32. Qxb7+ Kf6 33. Qxa6 h5 34. Qc8 Ne7 35. Qf8+ Ke6 36. Ng5+ Kd7 37. Qf7
1-0

[Event "2000-2400 Leisure RR"]
[Site "SchemingMind.com"]
[Date "2012.11.28"]
[Round "-"]
[White "kibic"]
[Black "Adrian Grajczak"]
[Result "1/2-1/2"]
[WhiteCountry "INT"]
[BlackCountry "POL"]
[WhiteElo "2336"]
[WhiteRD "62"]
[BlackElo "2088"]
[BlackRD "69"]
[GameID "322145"]

1. d4 Nf6 2. c4 g6 3. Nc3 Bg7 4. e4 d6 5. h3 O-O 6. Nf3 e5 7. d5 a5 8. Bd3 Na6 9. O-O Nc5 10. Be3 Nxd3
11. Qxd3 b6 12. Rfe1 Nd7 13. Qd2 Nc5 14. Rad1 Bd7 15. Rc1 a4 16. Bg5 Qc8 17. Qe2 f5 18. Nd2 f4 19. f3 h6 20. Bh4 g5
21. Bf2 Qe8 22. Nb5 Bxb5 23. cxb5 Ra5 24. Bxc5 bxc5 25. b6 Qb8 26. Nc4 Ra8 27. bxc7 Qxc7 28. Qc2 Rfb8=
1/2-1/2

[Event "2000-2400 Leisure RR"]
[Site "SchemingMind.com"]
[Date "2012.12.10"]
[Round "-"]
[White "rookie31"]
[Black "Ilang"]
[Result "1/2-1/2"]
[WhiteCountry "IND"]
[BlackCountry "HUN"]
[WhiteElo "2183"]
[WhiteRD "60"]
[BlackElo "2362"]
[BlackRD "68"]
[GameID "322891"]

1. d4 d5 2. c4 c6 3. Nf3 Nf6 4. Qb3 dxc4 5. Qxc4 Bf5 6. Nc3 e6 7. Qb3 Qb6 8. Qxb6 axb6 9. Nh4 Bc2 10. Bf4 Bb4
11. Rc1 Bg6 12. a3 Bxc3+ 13. Rxc3 Nd5 14. Nxg6 hxg6 15. Rf3 Nxf4 16. Rxf4 Nd7 17. Rf3 b5 18. Rb3 Nf6 19. e3 g5 20. h3 g4
21. Bd3 Ke7 22. Rg1 gxh3 23. gxh3 g6 24. Bf1 Nd5 25. Ke2 Rh5 26. f4 Nb6 27. Ke1 Rhh8 28. Kd2 Kd6 29. Bg2 Nc4+ 30. Kd3 Rh4
31. Kc2 Rh5 32. Bf1 Nb6 33. Rg3 Nd5 34. Bg2 Ke7 35. Kd3 Rhh8 36. Ke2 Rhg8=
1/2-1/2

[Event "2000-2400 Leisure RR"]
[Site "SchemingMind.com"]
[Date "2012.12.12"]
[Round "-"]
[White "rookie31"]
[Black "jdcald13"]
[Result "1-0"]
[WhiteCountry "IND"]
[BlackCountry "USA"]
[WhiteElo "2183"]
[WhiteRD "60"]
[BlackElo "1794"]
[BlackRD "59"]
[GameID "322892"]

1. d4 Nf6 2. c4 c5 3. d5 b5 4. cxb5 a6 5. bxa6 g6 6. a7 Rxa7 7. Nc3 Ba6 8. Nf3 Bg7 9. e4 Bxf1 10. Kxf1 d6
11. Kg1 O-O 12. h3 Nbd7 13. Kh2
1-0

[Event "2000-2400 Leisure RR"]
[Site "SchemingMind.com"]
[Date "2012.12.10"]
[Round "-"]
[White "rookie31"]
[Black "kibic"]
[Result "0-1"]
[WhiteCountry "IND"]
[BlackCountry "INT"]
[WhiteElo "2183"]
[WhiteRD "60"]
[BlackElo "2343"]
[BlackRD "63"]
[GameID "322893"]

1. d4 d5 2. c4 e6 3. Nc3 c6 4. e3 f5 5. Nf3 Bd6 6. Be2 Nf6 7. Qc2 Ne4 8. O-O Nd7 9. a3 O-O 10. b4 b6
11. Bb2 Bb7 12. c5 Bc7 13. Rfd1 Qe7 14. Rab1 Rac8 15. Rdc1 Rf6 16. Qa4 Bb8 17. h3 Rh6 18. Rf1 Nxc3 19. Bxc3 g5 20. Kh1 g4
21. Ng1 gxh3 22. Nxh3 Rxh3+ 23. gxh3 Qh4 24. Rg1+ Kf7 25. Bf1 Qxf2 26. Rb2 Qf3+ 27. Bg2 Qxe3
0-1

[Event "2000-2400 Leisure RR"]
[Site "SchemingMind.com"]
[Date "2012.12.10"]
[Round "-"]
[White "rookie31"]
[Black "Adrian Grajczak"]
[Result "1-0"]
[WhiteCountry "IND"]
[BlackCountry "POL"]
[WhiteElo "2176"]
[WhiteRD "59"]
[BlackElo "2087"]
[BlackRD "72"]
[GameID "322894"]

1. d4 Nf6 2. c4 g6 3. g3 Bg7 4. Bg2 O-O 5. Nf3 d6 6. Nc3 c6 7. e4 Bg4 8. O-O Nbd7 9. Be3 e5 10. d5 cxd5
11. cxd5 Rc8 12. h3 Bxf3 13. Qxf3 Qa5 14. a3 a6 15. Rac1 Qd8 16. Rc2 Rc4 17. Rfc1 Qe7 18. Qd1 Rfc8 19. b4 b5 20. Bf1 R4c7
21. a4 bxa4 22. Bxa6 Ra8 23. Nxa4 Rxc2 24. Qxc2 Qf8 25. Bb5
1-0

[Event "2000-2400 Leisure RR"]
[Site "SchemingMind.com"]
[Date "2012.12.10"]
[Round "-"]
[White "Ilang"]
[Black "rookie31"]
[Result "1-0"]
[WhiteCountry "HUN"]
[BlackCountry "IND"]
[WhiteElo "2371"]
[WhiteRD "73"]
[BlackElo "2218"]
[BlackRD "61"]
[GameID "322895"]

1. d4 Nf6 2. c4 e6 3. Nf3 d5 4. Nc3 c6 5. e3 Nbd7 6. Qc2 b6 7. Bd3 Bb7 8. O-O dxc4 9. Bxc4 c5 10. Rd1 cxd4
11. exd4 Bxf3 12. gxf3 Bd6 13. d5 Bxh2+ 14. Kh1 Be5 15. dxe6 fxe6 16. Bxe6 Qe7 17. Qf5 g6 18. Qh3 Nf8 19. Bc4
1-0

[Event "2000-2400 Leisure RR"]
[Site "SchemingMind.com"]
[Date "2012.12.12"]
[Round "-"]
[White "jdcald13"]
[Black "rookie31"]
[Result "0-1"]
[WhiteCountry "USA"]
[BlackCountry "IND"]
[WhiteElo "1794"]
[WhiteRD "59"]
[BlackElo "2183"]
[BlackRD "60"]
[GameID "322896"]

1. c4 e5 2. g3 Nf6 3. Bg2 d5 4. cxd5 Nxd5 5. Nf3 Nc6 6. Nc3 Be6 7. O-O Bb4 8. a3 Be7 9. b4 O-O 10. b5 Nd4
0-1

[Event "2000-2400 Leisure RR"]
[Site "SchemingMind.com"]
[Date "2012.12.10"]
[Round "-"]
[White "Adrian Grajczak"]
[Black "rookie31"]
[Result "1-0"]
[WhiteCountry "POL"]
[BlackCountry "IND"]
[WhiteElo "2173"]
[WhiteRD "67"]
[BlackElo "2128"]
[BlackRD "63"]
[GameID "322898"]

1. Nf3 Nf6 2. c4 e6 3. g3 d5 4. Bg2 Nbd7 5. O-O c6 6. d4 b6 7. Nbd2 Be7 8. Qc2 Bb7 9. Rd1 Rc8 10. e4 O-O
11. e5 Ne8 12. b3 c5 13. dxc5 Bxc5 14. Bb2 f6 15. exf6 Nexf6 16. Bh3 Qe7 17. Rf1 dxc4 18. bxc4 b5 19. Qb3 Bxf3 20. Qxf3 Bb4
21. Qe2 Bxd2 22. Qxe6+ Rf7 23. Bxf6 Qxf6 24. Qxf6 gxf6 25. Rfd1 bxc4 26. Rxd2 f5 27. Rxd7 Rxd7 28. Bxf5 Rdd8 29. Bxc8 Rxc8 30. Kf1 Kg7
31. Ke2 Rb8 32. Rc1 Rb2+ 33. Ke3
1-0

[Event "2000-2400 Leisure RR"]
[Site "SchemingMind.com"]
[Date "2012.12.10"]
[Round "-"]
[White "Buckaroo Bob"]
[Black "Ilang"]
[Result "1-0"]
[WhiteCountry "USA"]
[BlackCountry "HUN"]
[WhiteElo "2249"]
[WhiteRD "73"]
[BlackElo "2362"]
[BlackRD "87"]
[GameID "322900"]

1. c4 e5 2. g3 Nf6 3. Bg2 d5 4. cxd5 Nxd5 5. Nf3 Nc6 6. O-O Be7 7. d4 exd4 8. Nxd4 Nxd4 9. Qxd4 Nf6 10. Qa4+ c6
11. Rd1 Qb6 12. Be3 Bc5 13. Bxc5 Qxc5 14. b4 Qb6 15. Nc3 O-O 16. b5 c5 17. Qf4 Be6 18. a4 Qa5 19. Rac1 Rab8 20. Rd6 b6
21. Qd2 Rfc8 22. Bc6 a6 23. e4 axb5 24. axb5 Ne8 25. Rd3 Bc4 26. Rf3 Rd8 27. Qf4 Qa7 28. Nd5 Bxd5 29. exd5 Qc7 30. Qf5 Nd6
31. Qg5 h6= 32. Qh4 Qa7 33. Kg2 Rf8 34. Re1 Qc7 35. Qf4 Rbd8 36. Ra3 f6 37. Rae3 Qb8 38. Re6 Rf7 39. h4 Ra7 40. h5 Rf7
41. Qg4 Kh8 42. Re7 Rxe7 43. Rxe7 Rg8 44. Qg6 Qd8 45. Rd7 Qf8 46. g4 Nc4 47. f4 Nd6 48. g5 fxg5 49. Qxd6 Qf5 50. Qe5 Qg4+
51. Kf2 Qh4+ 52. Kg2 Qg4+ 53. Kf1 Qxh5 54. d6 Qh3+ 55. Ke2 Qh2+ 56. Kf3 Qh5+ 57. Ke4 Qe2+ 58. Kf5 Qd3+ 59. Kg4 gxf4 60. Qxf4 Qg6+
61. Kh3 Qh5+ 62. Kg3 Qg6+ 63. Qg4 Qf6 64. Be4 Rf8 65. Kh3
1-0

[Event "2000-2400 Leisure RR"]
[Site "SchemingMind.com"]
[Date "2012.12.12"]
[Round "-"]
[White "Buckaroo Bob"]
[Black "jdcald13"]
[Result "1-0"]
[WhiteCountry "USA"]
[BlackCountry "USA"]
[WhiteElo "2254"]
[WhiteRD "69"]
[BlackElo "1794"]
[BlackRD "59"]
[GameID "322901"]

1. Nf3 c5 2. c4 g6 3. d4 Bg7 4. e4 Qb6 5. dxc5 Qxc5 6. Bd3 d6 7. h3 Be6 8. Qe2 Nc6 9. a3 a5 10. O-O a4
11. Nc3
1-0

[Event "2000-2400 Leisure RR"]
[Site "SchemingMind.com"]
[Date "2012.12.10"]
[Round "-"]
[White "Buckaroo Bob"]
[Black "rookie31"]
[Result "1/2-1/2"]
[WhiteCountry "USA"]
[BlackCountry "IND"]
[WhiteElo "2272"]
[WhiteRD "73"]
[BlackElo "2176"]
[BlackRD "59"]
[GameID "322902"]

1. c4 e5 2. g3 Nf6 3. Bg2 d5 4. cxd5 Nxd5 5. Nf3 Nc6 6. O-O Be6 7. d4 exd4 8. Nxd4 Nxd4 9. Qxd4 c6 10. a3 Qf6
11. Qa4 Be7 12. e4 Nb6 13. Qc2 O-O 14. Nd2 Rad8 15. Nf3 Bg4 16. Bg5 Qe6 17. Bxe7 Qxe7 18. Rad1 Qf6 19. e5 Qe7 20. Rfe1 Rxd1
21. Qxd1 Rd8 22. Qc1 h6 23. Qf4 Qd7 24. Qb4 Be6 25. Bf1 Nd5 26. Qc5 a6 27. b4 Ne7 28. Re2 Ng6 29. Rd2 Bd5 30. Bc4 Qe6
31. Bxd5 Rxd5 32. Rxd5 Qxd5 33. Qxd5 cxd5 34. h4 Ne7 35. Nd4 Nc6 36. Nxc6 bxc6 37. h5 Kf8 38. f4 g6 39. Kf2 Ke7 40. Ke3 Ke6
41. hxg6 fxg6 42. Kd4 g5 43. fxg5 hxg5 44. g4 Ke7 45. Kc5 Ke6 46. Kd4 Ke7 47. Ke3=
1/2-1/2

[Event "2000-2400 Leisure RR"]
[Site "SchemingMind.com"]
[Date "2012.12.10"]
[Round "-"]
[White "Buckaroo Bob"]
[Black "kibic"]
[Result "1/2-1/2"]
[WhiteCountry "USA"]
[BlackCountry "INT"]
[WhiteElo "2288"]
[WhiteRD "70"]
[BlackElo "2315"]
[BlackRD "78"]
[GameID "322903"]

1. Nf3 d5 2. d4 Nf6 3. c4 e6 4. Nc3 Nc6 5. Bg5 Be7 6. e3 O-O 7. Rc1 h6 8. Bh4 Ne4 9. Bxe7 Qxe7 10. Bd3 Nxc3
11. Rxc3 dxc4 12. Bxc4 e5 13. Nxe5 Nxe5 14. dxe5 Qxe5 15. O-O c6 16. f4 Qe4 17. Qe2 Rd8 18. Re1 Bf5 19. Bb3 Be6 20. Bxe6 Qxe6
21. Ra3 a6 22. Rd1 c5 23. Rd2 Rxd2 24. Qxd2 Rc8 25. h3 b5 26. Kh2 c4 27. e4 Qf6 28. e5 Rd8 29. Qf2 Qc6 30. Re3 Rd3
31. Re2 b4 32. f5 c3 33. h4 Qc7 34. g3 Qc6 35. e6 Rd1 36. Qg2 Qxg2+ 37. Kxg2 fxe6 38. bxc3 bxc3 39. fxe6 Kf8 40. Kf2 Rb1
41. Ke3 Rb2 42. Kd3 Rxe2 43. Kxe2 Ke7 44. Kd3 Kxe6 45. Kxc3 Kf5 46. Kb4 Kg4 47. Ka5 h5 48. Kxa6 Kxg3 49. a4 Kxh4 50. Kb5 g5
51. a5 g4 52. a6 g3 53. a7 g2 54. a8=Q g1=Q 55. Qe4+=
1/2-1/2

[Event "2000-2400 Leisure RR"]
[Site "SchemingMind.com"]
[Date "2012.12.10"]
[Round "-"]
[White "Buckaroo Bob"]
[Black "Adrian Grajczak"]
[Result "1-0"]
[WhiteCountry "USA"]
[BlackCountry "POL"]
[WhiteElo "2309"]
[WhiteRD "74"]
[BlackElo "2110"]
[BlackRD "72"]
[GameID "322904"]

1. c4 Nf6 2. Nc3 g6 3. e4 d6 4. d4 Bg7 5. Nf3 O-O 6. Be2 e5 7. Be3 Ng4 8. Bg5 f6 9. Bh4 g5 10. Bg3 Nh6
11. h3 Nc6 12. d5 Ne7 13. Qd2 Nf7 14. Bh2 Ng6 15. O-O-O Bd7 16. Kb1 c6 17. Ka1 Qc7 18. dxc6 bxc6 19. c5 d5 20. exd5 cxd5
21. Qxd5 Bc6 22. Qc4 Rfc8 23. h4 gxh4 24. Nxh4 Nxh4 25. Qxh4 Bb7 26. Bc4 Qe7 27. Bxe5 Qxe5 28. Qxh7+ Kf8 29. Bxf7 Kxf7 30. Rd7+
1-0

[Event "2000-2400 Leisure RR"]
[Site "SchemingMind.com"]
[Date "2012.12.10"]
[Round "-"]
[White "Ilang"]
[Black "Buckaroo Bob"]
[Result "1-0"]
[WhiteCountry "HUN"]
[BlackCountry "USA"]
[WhiteElo "2371"]
[WhiteRD "72"]
[BlackElo "2266"]
[BlackRD "71"]
[GameID "322905"]

1. d4 Nf6 2. c4 e6 3. Nf3 c5 4. d5 b5 5. dxe6 fxe6 6. cxb5 a6 7. e3 Be7 8. Nc3 O-O 9. a4 Bb7 10. b3 Ng4
11. h3 Bf6 12. hxg4 Bxc3+ 13. Bd2 Bxd2+ 14. Qxd2 Qf6 15. Rc1 Bxf3 16. gxf3 axb5 17. f4 bxa4 18. bxa4 d5 19. g5 Qf7 20. Bd3 g6
21. Rxc5 Qa7 22. Rc1 Qxa4 23. Ke2 Ra7 24. Ra1 Qd7 25. Rxa7 Qxa7 26. Qc2 Qg7 27. Rh6 Kf7 28. Kf1 Re8 29. e4 Nd7 30. exd5 Nf8
31. dxe6+ Nxe6 32. f5 Nxg5 33. fxg6+ hxg6 34. Qc7+ Kf8 35. Qd6+ Re7 36. Qd8+ Kf7 37. Rxg6 Re1+ 38. Kg2 Qxg6 39. Qc7+
1-0

[Event "2000-2400 Leisure RR"]
[Site "SchemingMind.com"]
[Date "2012.12.12"]
[Round "-"]
[White "jdcald13"]
[Black "Buckaroo Bob"]
[Result "0-1"]
[WhiteCountry "USA"]
[BlackCountry "USA"]
[WhiteElo "1794"]
[WhiteRD "59"]
[BlackElo "2254"]
[BlackRD "69"]
[GameID "322906"]

1. c4 g6 2. g3 Bg7 3. Bg2 e5 4. Nc3 d6 5. b4 f5 6. e3 Nf6 7. Nge2 Nc6 8. b5 Ne7 9. a4 Be6 10. d3 Rb8
0-1

[Event "2000-2400 Leisure RR"]
[Site "SchemingMind.com"]
[Date "2012.12.10"]
[Round "-"]
[White "rookie31"]
[Black "Buckaroo Bob"]
[Result "1/2-1/2"]
[WhiteCountry "IND"]
[BlackCountry "USA"]
[WhiteElo "2210"]
[WhiteRD "61"]
[BlackElo "2266"]
[BlackRD "71"]
[GameID "322907"]

1. d4 Nf6 2. c4 e6 3. Nf3 c5 4. Nc3 cxd4 5. Nxd4 Bb4 6. Nb5 O-O 7. a3 Bxc3+ 8. Nxc3 d5 9. Bg5 Nc6 10. e3 d4
11. Ne4 dxe3 12. Nxf6+ gxf6 13. Bxe3 Qa5+ 14. b4 Qe5 15. Rc1 Rd8 16. Qg4+ Kh8 17. Be2 Nd4 18. O-O Nxe2+ 19. Qxe2 Bd7 20. b5 a6
21. a4 axb5 22. axb5 Qf5 23. Rcd1 e5 24. f4 Be6 25. Rxd8+ Rxd8 26. fxe5 Qxe5 27. Re1 Qc3 28. Rc1 Qe5 29. c5 Rg8 30. Qf2 Bd5
31. g3 Rg6 32. Qf4 Qb2 33. Qf1 Qe5 34. Qd3 Rg4 35. c6 bxc6 36. bxc6 Bxc6 37. Rxc6 Rxg3+ 38. hxg3 Qxg3+ 39. Kf1 Qf3+ 40. Kg1 Qg3+
41. Kf1 Qf3+ 42. Kg1 Qg3+=
1/2-1/2

[Event "2000-2400 Leisure RR"]
[Site "SchemingMind.com"]
[Date "2012.12.10"]
[Round "-"]
[White "kibic"]
[Black "Buckaroo Bob"]
[Result "1-0"]
[WhiteCountry "INT"]
[BlackCountry "USA"]
[WhiteElo "2338"]
[WhiteRD "65"]
[BlackElo "2272"]
[BlackRD "73"]
[GameID "322908"]

1. Nf3 g6 2. e4 Bg7 3. d4 d6 4. Nc3 Nf6 5. Be2 O-O 6. O-O c5 7. d5 Na6 8. Re1 Nc7 9. h3 Nd7 10. a4 f5
11. exf5 Rxf5 12. Bd3 Rf8 13. Ne4 b6 14. Neg5 Nf6 15. c4 Bd7 16. Qc2 a6 17. Bd2 Rb8 18. b3 b5 19. axb5 axb5 20. Ra7 bxc4
21. bxc4 Nfe8 22. Nh4 Rf6 23. Nxh7 Kxh7 24. Nxg6 e6 25. dxe6 Rxe6 26. Rxe6 Bxe6 27. Ne5+ Kh8 28. Nc6 Qc8 29. Qd1 Nf6 30. Bc3
1-0

[Event "2000-2400 Leisure RR"]
[Site "SchemingMind.com"]
[Date "2012.12.10"]
[Round "-"]
[White "Adrian Grajczak"]
[Black "Buckaroo Bob"]
[Result "1/2-1/2"]
[WhiteCountry "POL"]
[BlackCountry "USA"]
[WhiteElo "2173"]
[WhiteRD "67"]
[BlackElo "2322"]
[BlackRD "76"]
[GameID "322909"]

1. Nf3 g6 2. c4 Bg7 3. d4 c5 4. e4 cxd4 5. Nxd4 Qb6 6. Nb3 Nc6 7. Be3 Qc7 8. Qd2 Nf6 9. Nc3 O-O 10. Be2 d6
11. O-O b6 12. f3 Be6 13. Rac1 Rac8 14. Nd5 Qb7 15. Nd4 Nxd5 16. cxd5 Nxd4 17. Bxd4 Bxd4+ 18. Qxd4 Bd7 19. f4 Rxc1 20. Rxc1 Rc8
21. Rxc8+ Qxc8 22. Qc4 Qd8 23. a3 b5 24. Qd4 Qc7 25. Kf2 a5 26. Qc3 Qb6+ 27. Qe3=
1/2-1/2

[Event "2000-2400 Leisure RR"]
[Site "SchemingMind.com"]
[Date "2012.12.16"]
[Round "-"]
[White "smothered mate"]
[Black "Ilang"]
[Result "0-1"]
[WhiteCountry "POL"]
[BlackCountry "HUN"]
[WhiteElo "1979"]
[WhiteRD "59"]
[BlackElo "2370"]
[BlackRD "75"]
[GameID "322956"]

1. e4 c5 2. Nf3 d6 3. d4 cxd4 4. Nxd4 Nf6 5. Nc3 a6 6. Be2 e5 7. Nb3 Be7 8. O-O O-O 9. Kh1 Nc6 10. f4 b5
11. Bf3 Bb7 12. Nd5 exf4 13. Bxf4 Ne5 14. Nd4 Nxd5 15. exd5 Qd7 16. c3 Nxf3 17. Qxf3 Rfe8 18. Be3 Bf6 19. Nf5 Be5 20. Qg4 Kh8
21. Qf3 g6 22. Nd4 f5 23. Nc6 Rac8 24. Nxe5 dxe5 25. Rad1 Qd6 26. Rd2 f4 27. Bg1 Rcd8 28. Rfd1 e4 29. Bd4+ Kg8 30. Qh3 e3
31. Qh6 Qc7 32. d6 exd2 33. dxc7 Rxd4 34. h4 Re1+ 35. Kh2 Rxd1 36. cxd4 Re1
0-1

[Event "2000-2400 Leisure RR"]
[Site "SchemingMind.com"]
[Date "2012.12.16"]
[Round "-"]
[White "smothered mate"]
[Black "Buckaroo Bob"]
[Result "0-1"]
[WhiteCountry "POL"]
[BlackCountry "USA"]
[WhiteElo "1932"]
[WhiteRD "64"]
[BlackElo "2249"]
[BlackRD "73"]
[GameID "322958"]

1. e4 c5 2. Nf3 d6 3. d4 cxd4 4. Nxd4 Nf6 5. Nc3 a6 6. Be3 e6 7. f3 b5 8. g4 h6 9. Qd2 Nbd7 10. O-O-O b4
11. Nce2 d5 12. exd5 Nxd5 13. Nf4 Bb7 14. Bc4 Nxe3 15. Qxe3 Qb6 16. Bd5 O-O-O 17. Bxb7+ Qxb7 18. Nb3 Kb8 19. Nd3 Bd6 20. h3 Qb6
21. Qd2 Nf6 22. f4 h5 23. g5 Nd5 24. Ne5 Bxe5 25. fxe5 Nc3 26. bxc3 Rxd2 27. Rxd2 bxc3 28. Rd3 Rc8 29. Rhd1 Qb4 30. Rf1 Rc7
31. Rd6 Qh4 32. g6 Qxh3 33. Rxf7 Rxf7 34. gxf7 Qf1+ 35. Rd1 Qxf7 36. Nc5 Qf4+ 37. Kb1 Qb4+ 38. Nb3 Qa3
0-1

[Event "2000-2400 Leisure RR"]
[Site "SchemingMind.com"]
[Date "2012.12.16"]
[Round "-"]
[White "smothered mate"]
[Black "rookie31"]
[Result "0-1"]
[WhiteCountry "POL"]
[BlackCountry "IND"]
[WhiteElo "1946"]
[WhiteRD "65"]
[BlackElo "2128"]
[BlackRD "63"]
[GameID "322959"]

1. e4 c6 2. d4 d5 3. exd5 cxd5 4. c4 e6 5. Nc3 Nf6 6. Nf3 Be7 7. cxd5 exd5 8. Bb5+ Nc6 9. Ne5 Bd7 10. O-O O-O
11. Re1 Re8 12. Bg5 a6 13. Bxc6 Bxc6 14. Qd3 Nd7 15. Nxc6 bxc6 16. Bxe7 Rxe7 17. h3 Nf8 18. Re3 Rxe3 19. fxe3 Qe7 20. e4 dxe4
21. Qxe4 Qxe4 22. Nxe4 Ne6 23. Nc5 Nxd4 24. Rd1 Ne6 25. Nxe6 fxe6 26. Rd6 Kf7 27. Rxc6 a5 28. Kf2 a4 29. Ke3 Rb8 30. Rc2 Kf6
31. g4 g6 32. h4 Rb4 33. Kf3 h5 34. g5+ Kf5 35. Kg3 e5 36. Rf2+ Ke4 37. Re2+ Kd5 38. Rd2+ Rd4 39. Rf2 Rg4+ 40. Kh3 e4
41. b3 e3
0-1

[Event "2000-2400 Leisure RR"]
[Site "SchemingMind.com"]
[Date "2012.12.16"]
[Round "-"]
[White "smothered mate"]
[Black "kibic"]
[Result "0-1"]
[WhiteCountry "POL"]
[BlackCountry "INT"]
[WhiteElo "1971"]
[WhiteRD "63"]
[BlackElo "2312"]
[BlackRD "67"]
[GameID "322960"]

1. e4 c5 2. Nf3 Nc6 3. d4 cxd4 4. Nxd4 Nf6 5. Nc3 d6 6. Bg5 Bd7 7. Qd2 Nxd4 8. Qxd4 Qa5 9. Bd2 Rc8 10. O-O-O e5
11. Qd3 Be7 12. Kb1 Qd8 13. f3 O-O 14. g4 Be6 15. h4 a6 16. h5 Nd7 17. h6 g6 18. Be3 Nb6 19. Bxb6 Qxb6 20. Nd5 Bxd5
21. Qxd5 Rc5 22. Qd2 Rfc8 23. Bd3 d5 24. exd5 Rxd5 25. Qe2 Bg5 26. Qe4 Rd4 27. Qe2 Bf4 28. a3 Rcd8 29. Be4 Qc7 30. Rxd4 Rxd4
31. Bd3 Qd7
0-1